Agile business analysis : (Record no. 222425)
[ view plain ]
| 000 -LEADER | |
|---|---|
| fixed length control field | 01731cam a22003858i 4500 |
| 001 - CONTROL NUMBER | |
| control field | 20585545 |
| 003 - CONTROL NUMBER IDENTIFIER | |
| control field | OSt |
| 005 - DATE AND TIME OF LATEST TRANSACTION | |
| control field | 20220413133650.0 |
| 008 - FIXED-LENGTH DATA ELEMENTS--GENERAL INFORMATION | |
| fixed length control field | 180716s2018 flu 001 0 eng |
| 010 ## - LIBRARY OF CONGRESS CONTROL NUMBER | |
| LC control number | 2018025763 |
| 020 ## - INTERNATIONAL STANDARD BOOK NUMBER | |
| International Standard Book Number | 9781604271485 |
| 040 ## - CATALOGING SOURCE | |
| Original cataloging agency | DLC |
| Language of cataloging | eng |
| Description conventions | rda |
| Transcribing agency | AIMIT LIBRARY |
| 042 ## - AUTHENTICATION CODE | |
| Authentication code | pcc |
| 050 00 - LIBRARY OF CONGRESS CALL NUMBER | |
| Classification number | HD69.B87 |
| Item number | .A48 2018 |
| 082 00 - DEWEY DECIMAL CLASSIFICATION NUMBER | |
| Classification number | 658.4012 |
| Edition number | 1 |
| Item number | AGUK |
| 100 1# - MAIN ENTRY--PERSONAL NAME | |
| Personal name | Aguanno, Kevin, |
| 9 (RLIN) | 29864 |
| 245 10 - TITLE STATEMENT | |
| Title | Agile business analysis : |
| Remainder of title | enabling continuous improvement of requirements, project scope, and agile project results / |
| Statement of responsibility, etc. | By Kevin Aguanno and Ori Schibi. |
| 250 ## - EDITION STATEMENT | |
| Edition statement | 1st ed. |
| 263 ## - PROJECTED PUBLICATION DATE | |
| Projected publication date | 1809 |
| 264 #1 - PRODUCTION, PUBLICATION, DISTRIBUTION, MANUFACTURE, AND COPYRIGHT NOTICE | |
| Place of production, publication, distribution, manufacture | Plantation, FL : |
| Name of producer, publisher, distributor, manufacturer | J. Ross Publishing , |
| Date of production, publication, distribution, manufacture, or copyright notice | 2019. |
| 300 ## - PHYSICAL DESCRIPTION | |
| Extent | xxv,313p. ; |
| Other physical details | HB |
| Dimensions | 23.5 cm |
| 336 ## - CONTENT TYPE | |
| Content type term | text |
| Content type code | txt |
| Source | rdacontent |
| 337 ## - MEDIA TYPE | |
| Media type term | unmediated |
| Media type code | n |
| Source | rdamedia |
| 338 ## - CARRIER TYPE | |
| Carrier type term | volume |
| Carrier type code | nc |
| Source | rdacarrier |
| 500 ## - GENERAL NOTE | |
| General note | Includes index. |
| 505 0# - FORMATTED CONTENTS NOTE | |
| Formatted contents note | Introduction to agile and the agile process -- Agile challenges -- Roles and responsibilities -- Agile requirements and user stories -- Agile documentation -- The BA's role in planning and estimating -- The BA and the agile events and work products -- Testing and solution evaluation -- A day in the life of the agile BA -- Moving forward. |
| 650 #0 - SUBJECT ADDED ENTRY--TOPICAL TERM | |
| Topical term or geographic name entry element | Business analysts. |
| 9 (RLIN) | 29865 |
| 650 #0 - SUBJECT ADDED ENTRY--TOPICAL TERM | |
| Topical term or geographic name entry element | Business planning. |
| 9 (RLIN) | 29866 |
| 650 #0 - SUBJECT ADDED ENTRY--TOPICAL TERM | |
| Topical term or geographic name entry element | Agile software development. |
| 9 (RLIN) | 29867 |
| 700 1# - ADDED ENTRY--PERSONAL NAME | |
| Personal name | Schibi, Ori, |
| Dates associated with a name | 1971- |
| 9 (RLIN) | 29868 |
| 776 08 - ADDITIONAL PHYSICAL FORM ENTRY | |
| Relationship information | Online version: |
| Main entry heading | Aguanno, Kevin, author. |
| Title | Agile business analysis |
| Place, publisher, and date of publication | Plantation, FL : J. Ross Publishing, [2018] |
| International Standard Book Number | 9781604278019 |
| Record control number | (DLC) 2018034200 |
| 906 ## - LOCAL DATA ELEMENT F, LDF (RLIN) | |
| a | 7 |
| b | cbc |
| c | orignew |
| d | 1 |
| e | ecip |
| f | 20 |
| g | y-gencatlg |
| 942 ## - ADDED ENTRY ELEMENTS (KOHA) | |
| Source of classification or shelving scheme | Dewey Decimal Classification |
| Koha item type | Book |
| Edition | 1st |
| Call number prefix | 658.4012 AGUK |
| Withdrawn status | Lost status | Source of classification or shelving scheme | Damaged status | Not for loan | Collection code | Home library | Current library | Date acquired | Source of acquisition | Cost, normal purchase price | Inventory number | Total Checkouts | Full call number | Barcode | Date last seen | Cost, replacement price | Price effective from | Koha item type |
|---|---|---|---|---|---|---|---|---|---|---|---|---|---|---|---|---|---|---|
| Dewey Decimal Classification | MBA | St Aloysius Institute of Management & Information Technology | St Aloysius Institute of Management & Information Technology | 03/24/2022 | Biblios Book Point | 3542.06 | Bill no:6621; Bill dt:2022-03-22 | 658.4012 AGUK | MBA14314 | 05/23/2026 | 2833.65 | 04/13/2022 | Book |